[Event "ICS rated blitz match"]
[Site "204.178.125.65"]
[Date "1999.10.11"]
[Round "?"]
[White "Hossa"]
[Black "Poisoned-Pawn"]
[Result "1-0"]
[WhiteElo "2431"]
[BlackElo "2143"]
[PlyCount "54"]
[EventDate "1999.??.??"]

1. d4 Nf6 2. c4 g6 3. Nc3 Bg7 4. e4 d6 5. f3 O-O 6. Be3 Nbd7 7. Qd2 Re8 8. Bh6
Bh8 9. O-O-O e5 10. Nge2 exd4 11. Nxd4 Ne5 12. Qg5 Be6 13. c5 Nfd7 14. Qxd8
Rexd8 15. cxd6 cxd6 16. Ndb5 Rdc8 17. Nxd6 Rc6 18. Bb5 Rb6 19. Be3 Rxb5 20.
Ndxb5 a6 21. Nc7 Rc8 22. Nxe6 fxe6 23. f4 Nc4 24. Bd4 Nc5 25. Bxh8 Kxh8 26. b4
Nxe4 27. Nxe4 27... Na3+ {Poisoned-Pawn resigns} 1-0

[Event "ICS rated blitz match"]
[Site "204.178.125.65"]
[Date "1999.09.25"]
[Round "?"]
[White "Hossa"]
[Black "Poisoned-Pawn"]
[Result "1-0"]
[WhiteElo "2486"]
[BlackElo "2089"]
[PlyCount "49"]
[EventDate "1999.??.??"]

1. e4 c5 2. Nf3 d6 3. d4 cxd4 4. Nxd4 Nf6 5. Nc3 a6 6. Bg5 e6 7. f4 Qb6 8. Nb3
Nbd7 9. Qd2 Be7 10. O-O-O Qc7 11. Be2 b5 12. Bf3 Bb7 13. Qe3 O-O-O 14. Rhf1 Kb8
15. Rfe1 Rc8 16. e5 Bxf3 17. Qxf3 dxe5 18. fxe5 Nxe5 19. Rxe5 Qxe5 20. Bf4
Qxf4+ 21. Qxf4+ Kb7 22. a4 b4 23. Na2 Rc7 24. Na5+ Kb8 25. Nxb4 {
Poisoned-Pawn resigns} 1-0

[Event "ICS rated blitz match"]
[Site "204.178.125.65"]
[Date "1999.09.21"]
[Round "?"]
[White "Hossa"]
[Black "Poisoned-Pawn"]
[Result "1-0"]
[WhiteElo "2184"]
[BlackElo "2107"]
[PlyCount "97"]
[EventDate "1999.??.??"]

1. e4 c5 2. Nf3 d6 3. d4 cxd4 4. Nxd4 Nf6 5. Nc3 a6 6. Bc4 e6 7. Bg5 Be7 8. O-O
b5 9. Be2 O-O 10. Bf3 Bb7 11. Re1 Nbd7 12. Rb1 Rc8 13. a4 b4 14. Nce2 a5 15.
Ng3 Ne5 16. Bh5 Nxh5 17. Bxe7 Qxe7 18. Qxh5 Qf6 19. c3 Rc4 20. f4 Nd3 21. Qe2
bxc3 22. Qxd3 Rxd4 23. Qxc3 Rc8 24. Qxa5 Qxf4 25. Qb6 Ba8 26. Qxd4 d5 27. Nh5
Qg5 28. Qf2 Qxh5 29. Rbc1 Rb8 30. Qg3 Rf8 31. Rc7 dxe4 32. Qa3 h6 33. Qc5 Qxc5+
34. Rxc5 Bd5 35. b4 Rb8 36. g4 h5 37. g5 f5 38. Rc8+ Kf7 39. Rxb8 Kg6 40. h3
Kxg5 41. a5 f4 42. a6 f3 43. Rb5 Kf4 44. Rxd5 exd5 45. a7 e3 46. a8=Q Kg3 47.
Qb8+ Kxh3 48. Rxe3 d4 49. Rxf3+ {Poisoned-Pawn resigns} 1-0

[Event "ICS rated blitz match"]
[Site "204.178.125.65"]
[Date "1999.10.11"]
[Round "?"]
[White "Hossa"]
[Black "Poisoned-Pawn"]
[Result "1-0"]
[WhiteElo "2425"]
[BlackElo "2149"]
[PlyCount "57"]
[EventDate "1999.??.??"]

1. d4 Nf6 2. c4 g6 3. Nc3 Bg7 4. e4 d6 5. f3 O-O 6. Be3 Nbd7 7. Qd2 Re8 8. Bh6
Bh8 9. O-O-O c5 10. d5 a6 11. Qg5 Rb8 12. f4 b5 13. e5 dxe5 14. fxe5 Nxe5 15.
Qxe5 Nd7 16. Qe3 bxc4 17. Bxc4 Ne5 18. Qxc5 Nxc4 19. Qxc4 Qb6 20. Rd2 Bf5 21.
Kd1 Rec8 22. Qf4 Bxc3 23. bxc3 Rxc3 24. Ke2 Qb5+ 25. Kf2 Qc5+ 26. Qd4 Qxd4+ 27.
Rxd4 Rb2+ 28. Bd2 Rcc2 29. Nf3 {Poisoned-Pawn resigns} 1-0

[Event "ICS rated blitz match"]
[Site "204.178.125.65"]
[Date "1999.09.21"]
[Round "?"]
[White "Hossa"]
[Black "Poisoned-Pawn"]
[Result "1-0"]
[WhiteElo "2261"]
[BlackElo "2030"]
[PlyCount "39"]
[EventDate "1999.??.??"]

1. e4 c5 2. Nf3 d6 3. d4 cxd4 4. Nxd4 Nf6 5. Nc3 a6 6. Be2 e6 7. O-O Be7 8. Qd2
b5 9. Re1 O-O 10. Qg5 Nbd7 11. Nc6 Qe8 12. Nxe7+ Qxe7 13. Qg3 Kh8 14. Bf4 e5
15. Be3 b4 16. Nd5 Nxd5 17. exd5 f5 18. Bd2 Qf7 19. Bxb4 Qf6 20. Qa3 {
Poisoned-Pawn resigns} 1-0

[Event "ICS rated blitz match"]
[Site "204.178.125.65"]
[Date "1999.09.21"]
[Round "?"]
[White "Hossa"]
[Black "Poisoned-Pawn"]
[Result "0-1"]
[WhiteElo "2242"]
[BlackElo "2049"]
[PlyCount "53"]
[EventDate "1999.??.??"]

1. e4 c5 2. Nf3 d6 3. d4 cxd4 4. Nxd4 Nf6 5. Nc3 a6 6. Be2 e5 7. Nb3 Be6 8. Bg5
Nbd7 9. O-O Be7 10. Qd2 Rc8 11. Nd5 Bxd5 12. exd5 b5 13. Qd1 O-O 14. c4 bxc4
15. Nd2 Nb6 16. Bxc4 Nfxd5 17. Bxe7 Qxe7 18. Bxa6 Rc7 19. h4 Qxh4 20. Nf3 Qf6
21. Qxd5 Nxd5 22. Rfd1 Nf4 23. Rd2 h6 24. Bf1 Rfc8 25. Kh2 Rc2 26. Ba6 Rxd2 27.
Bxc8 {Hossa resigns} 0-1

[Event "ICS rated blitz match"]
[Site "204.178.125.65"]
[Date "1999.09.21"]
[Round "?"]
[White "Hossa"]
[Black "Poisoned-Pawn"]
[Result "1-0"]
[WhiteElo "2283"]
[BlackElo "2008"]
[PlyCount "115"]
[EventDate "1999.??.??"]

1. d4 Nf6 2. h3 g6 3. Nf3 Bg7 4. Nc3 O-O 5. Bg5 d6 6. e3 Nc6 7. Bc4 a6 8. O-O
b5 9. Bd3 Nb4 10. a4 Nxd3 11. Qxd3 b4 12. Bxf6 Bxf6 13. Nd5 Bg7 14. Nxb4 a5 15.
Nc6 Qd7 16. Qe4 Ba6 17. Nxe7+ Kh8 18. Rfe1 Rfe8 19. Qc6 Qxc6 20. Nxc6 Bb7 21.
d5 Bxb2 22. Rab1 Bc3 23. Rxb7 Bxe1 24. Nxe1 Rec8 25. g4 Kg7 26. Na7 Rcb8 27.
Rxb8 Rxb8 28. Nb5 Rb7 29. e4 Kf6 30. Nd3 Ke7 31. Nd4 Rb1+ 32. Kg2 Kd7 33. Nb3
Rd1 34. Kg3 h6 35. Kg2 f6 36. h4 h5 37. gxh5 gxh5 38. Nf4 Ke7 39. Nxh5 Rb1 40.
Nxa5 Rb2 41. Nc6+ Kf7 42. Ng3 Rxc2 43. h5 Ra2 44. a5 Kg7 45. Nf5+ Kh7 46. Kf3
Ra3+ 47. Kg4 Ra1 48. Ng3 Rg1 49. Kf5 Re1 50. f4 Kg7 51. a6 Ra1 52. e5 Kf7 53.
e6+ Ke8 54. a7 Ra6 55. a8=Q+ Rxa8 56. h6 Ra1 57. h7 Ra2 58. h8=R# {
Poisoned-Pawn checkmated} 1-0

[Event "ICS rated blitz match"]
[Site "204.178.125.65"]
[Date "1999.09.20"]
[Round "?"]
[White "Hossa"]
[Black "Poisoned-Pawn"]
[Result "1/2-1/2"]
[WhiteElo "2338"]
[BlackElo "2015"]
[PlyCount "40"]
[EventDate "1999.??.??"]

1. e4 c5 2. Nf3 d6 3. d4 cxd4 4. Nxd4 Nf6 5. Nc3 a6 6. Bg5 e6 7. f4 Qb6 8. Bxf6
gxf6 9. Qd2 Qxb2 10. Rb1 Qa3 11. Rb3 Qc5 12. Na4 Qc7 13. Nb6 Ra7 14. Kf2 Be7
15. Qc3 Qxc3 16. Rxc3 Bd7 17. Nc8 Ra8 18. Nb6 Ra7 19. Nc8 Ra8 20. Nb6 20... Ra7
{Game drawn by repetition} 1/2-1/2

[Event "ICS rated blitz match"]
[Site "204.178.125.65"]
[Date "1999.09.21"]
[Round "?"]
[White "Hossa"]
[Black "Poisoned-Pawn"]
[Result "0-1"]
[WhiteElo "2228"]
[BlackElo "2063"]
[PlyCount "47"]
[EventDate "1999.??.??"]

1. e4 c5 2. Nf3 d6 3. d4 cxd4 4. Nxd4 Nf6 5. Nc3 a6 6. Bg5 e6 7. f4 Qb6 8. Bxf6
gxf6 9. Qd2 Qxb2 10. Rb1 Qa3 11. Rb3 Qa5 12. Bc4 Qc7 13. Nxe6 fxe6 14. Bxe6
Bxe6 15. Nd5 Bxd5 16. Qxd5 Nc6 17. O-O Be7 18. Rxb7 Qxb7 19. c4 Qb6+ 20. Kh1
Qc5 21. Rb1 Qxd5 22. cxd5 Nd4 23. g3 O-O 24. Rb7 {Hossa resigns} 0-1

[Event "ICS rated blitz match"]
[Site "204.178.125.65"]
[Date "1999.10.11"]
[Round "?"]
[White "Hossa"]
[Black "Poisoned-Pawn"]
[Result "1/2-1/2"]
[WhiteElo "2417"]
[BlackElo "2137"]
[PlyCount "67"]
[EventDate "1999.??.??"]

1. e4 c5 2. Nf3 d6 3. d4 cxd4 4. Nxd4 Nf6 5. Nc3 a6 6. Bg5 e6 7. f4 Qb6 8. Nb3
Nbd7 9. Qd2 Be7 10. O-O-O Qc7 11. Be2 b5 12. Bf3 Bb7 13. Qe3 O-O-O 14. Rhf1 Kb8
15. Rfe1 Rhe8 16. e5 dxe5 17. fxe5 Bxf3 18. gxf3 Ng8 19. Nd4 Nb6 20. Rg1 g6 21.
f4 Nd5 22. Nxd5 Rxd5 23. Bxe7 Nxe7 24. Rd3 Red8 25. Kb1 Nc6 26. Nxc6+ Qxc6 27.
Rc1 Rxd3 28. cxd3 Qb7 29. b4 Rd5 30. h4 Qd7 31. Qb6+ Qb7 32. Qe3 Qd7 33. Qb6+
Qb7 34. Qe3 {Game drawn by repetition} 1/2-1/2

[Event "ICS rated blitz match"]
[Site "204.178.125.65"]
[Date "1999.09.26"]
[Round "?"]
[White "Hossa"]
[Black "PostModernist"]
[Result "0-1"]
[WhiteElo "2502"]
[BlackElo "2596"]
[PlyCount "99"]
[EventDate "1999.??.??"]

1. e4 c5 2. Nf3 d6 3. d4 Nf6 4. Nc3 cxd4 5. Nxd4 e6 6. Bb5+ Nbd7 7. O-O Be7 8.
Be3 O-O 9. f4 Nc5 10. e5 Ne8 11. Nb3 Nxb3 12. axb3 a6 13. Qh5 f6 14. Bd3 g6 15.
Bxg6 hxg6 16. Qxg6+ Ng7 17. exd6 Bxd6 18. Ne4 Be7 19. Rad1 Qe8 20. Qg3 Qc6 21.
Nc3 Rd8 22. Rd4 b5 23. Rxd8+ Bxd8 24. Rd1 Bb7 25. b4 Be7 26. Rd4 Kf7 27. Qg4
Rg8 28. Rd2 Bxb4 29. Ba7 Nf5 30. Qh5+ Ke7 31. Qh3 Bxc3 32. bxc3 Nh4 33. Kf1
Qc4+ 34. Qd3 Qxf4+ 35. Ke1 Nxg2+ 36. Kd1 Qf3+ 37. Kc1 Qxd3 38. cxd3 e5 39. d4
e4 40. Re2 Nf4 41. Rd2 Rg1+ 42. Rd1 Ne2+ 43. Kc2 Rxd1 44. Kxd1 Nxc3+ 45. Kd2
Nd5 46. h3 f5 47. h4 e3+ 48. Ke2 f4 49. Bc5+ Ke6 50. h5 {Hossa resigns} 0-1

[Event "ICS rated blitz match"]
[Site "204.178.125.65"]
[Date "1999.09.29"]
[Round "?"]
[White "Hossa"]
[Black "PostModernist"]
[Result "0-1"]
[WhiteElo "2472"]
[BlackElo "2585"]
[PlyCount "105"]
[EventDate "1999.??.??"]

1. d4 Nf6 2. c4 e6 3. Nf3 d5 4. Nc3 Bb4 5. g3 dxc4 6. Bg2 O-O 7. O-O Nc6 8. Bg5
a6 9. e3 h6 10. Bh4 g5 11. Nxg5 hxg5 12. Bxg5 Bxc3 13. bxc3 Kg7 14. Bxc6 bxc6
15. Qf3 Bb7 16. Rfb1 Ra7 17. Qf4 Rh8 18. Bxf6+ Qxf6 19. Qxc7 Rc8 20. Qb6 Rca8
21. Qc5 Qf3 22. Re1 Qd5 23. Qe7 c5 24. e4 Qh5 25. Qd6 Rh8 26. h4 Bc8 27. d5 Rd7
28. Qxc5 exd5 29. Qd4+ Kh7 30. e5 Qf5 31. Rad1 Re8 32. g4 Rg8 33. g5 Rb7 34. a3
Be6 35. Re3 Rb2 36. Ree1 Rgb8 37. a4 R8b3 38. Rc1 Ra3 39. Red1 Re2 40. Qb6 Qg4+
41. Kf1 Qh3+ 42. Kg1 Qxh4 43. g6+ Kxg6 44. a5 Qg4+ 45. Kf1 Rxe5 46. Rxd5 Qh3+
47. Kg1 Rxd5 48. f3 Rg5+ 49. Kf2 Qh2+ 50. Kf1 Qh1+ 51. Ke2 Rg2+ 52. Qf2 Ra2+
53. Ke3 {Hossa resigns} 0-1

[Event "ICS rated blitz match"]
[Site "204.178.125.65"]
[Date "1999.10.14"]
[Round "?"]
[White "Hossa"]
[Black "PostModernist"]
[Result "0-1"]
[WhiteElo "2363"]
[BlackElo "2580"]
[PlyCount "75"]
[EventDate "1999.??.??"]

1. Nf3 Nf6 2. c4 e6 3. g3 a6 4. Bg2 b5 5. Nd4 c6 6. cxb5 axb5 7. Nxb5 cxb5 8.
Bxa8 d5 9. Qc2 Bd7 10. Bb7 Ne4 11. Nc3 Qc7 12. Ba8 b4 13. O-O bxc3 14. d3 Nf6
15. Qb3 Qa7 16. Qb7 Qxb7 17. Bxb7 d4 18. Bg2 Nc6 19. h4 Bd6 20. a3 Na5 21. Ra2
Ke7 22. Bf4 e5 23. Bg5 Be6 24. Rfa1 Nb3 25. bxc3 Nxa1 26. Rxa1 dxc3 27. Rc1 Rc8
28. a4 c2 29. Ra1 h6 30. Be3 Rb8 31. Rc1 Rb1 32. Bf1 Bb3 33. Bg2 Ba3 34. Rf1
Bxa4 35. f4 Ng4 36. Bd2 Bc5+ 37. Kh1 Be3 38. Bc1 {Hossa resigns} 0-1

[Event "ICS rated blitz match"]
[Site "204.178.125.65"]
[Date "1999.10.17"]
[Round "?"]
[White "Hossa"]
[Black "PostModernist"]
[Result "0-1"]
[WhiteElo "2521"]
[BlackElo "2502"]
[PlyCount "89"]
[EventDate "1999.??.??"]

1. d4 Nf6 2. c4 e6 3. Nc3 Bb4 4. e3 O-O 5. Bd3 d5 6. Nf3 b6 7. a3 Bxc3+ 8. bxc3
Ba6 9. Ne5 dxc4 10. Be2 Qd5 11. Qc2 c6 12. Bf3 Qd6 13. Qa2 Nd5 14. Nxc4 Qc7 15.
Bd2 c5 16. Ne5 cxd4 17. cxd4 Rd8 18. Bh5 g6 19. Bg4 Nd7 20. Qb2 Nxe5 21. dxe5
Qc4 22. Bf3 Rab8 23. e4 Ne7 24. Bg5 Rb7 25. Bf6 Rd4 26. Bg5 Qc5 27. Rd1 Qa5+
28. Rd2 Nc6 29. Be3 Ra4 30. Bh6 Rxa3 31. Bd1 Rb8 32. Qc1 Nxe5 33. Qc7 Rc8 34.
Qd6 Nd3+ 35. Kf1 Nb2+ 36. Kg1 Rd3 37. Qf4 Rc1 38. Qb8+ Bc8 39. h3 Rxd2 40. Kh2
Nxd1 41. Bxd2 Qxd2 42. Rxd1 Qxd1 43. Kg3 Rc2 44. Qxa7 Qd6+ 45. Kg4 {
Hossa resigns} 0-1

[Event "ICS rated blitz match"]
[Site "204.178.125.65"]
[Date "1999.09.12"]
[Round "?"]
[White "Hossa"]
[Black "PostModernist"]
[Result "1-0"]
[WhiteElo "2443"]
[BlackElo "2569"]
[PlyCount "111"]
[EventDate "1999.??.??"]

1. d4 Nf6 2. c4 e6 3. Nf3 Bb4+ 4. Bd2 c5 5. Bxb4 cxb4 6. e3 O-O 7. Bd3 d6 8.
Nbd2 Qe7 9. O-O e5 10. Qc2 Nc6 11. Ne4 Ne8 12. d5 Nb8 13. c5 f5 14. Nxd6 Nxd6
15. cxd6 Qxd6 16. e4 f4 17. Rac1 Bg4 18. Qc7 Qxc7 19. Rxc7 Bxf3 20. gxf3 Na6
21. Bxa6 bxa6 22. Rfc1 Rf7 23. Rc8+ Rf8 24. Rxa8 Rxa8 25. Rc6 Kf7 26. Rxa6 Kf8
27. Re6 Re8 28. Rc6 h6 29. Rc7 Ra8 30. Kg2 h5 31. Kh3 a5 32. Kh4 Ra6 33. Kg5 g6
34. h4 a4 35. Rb7 Rd6 36. Rb8+ Ke7 37. Rxb4 Ra6 38. Rc4 Kd7 39. Rc6 Rxc6 40.
dxc6+ Kxc6 41. Kxg6 Kd7 42. Kxh5 Ke8 43. Kg6 Ke7 44. h5 Kf8 45. h6 Kg8 46. b3
Kf8 47. h7 Ke7 48. bxa4 Kd6 49. h8=Q Kd7 50. Qf6 Kc7 51. Qxe5+ Kb7 52. Qd6 Ka7
53. a5 Kb7 54. Qd7+ Ka6 55. a4 Kxa5 56. Qb5# {PostModernist checkmated} 1-0

[Event "ICS rated blitz match"]
[Site "204.178.125.65"]
[Date "1999.08.28"]
[Round "?"]
[White "Hossa"]
[Black "PostModernist"]
[Result "1/2-1/2"]
[WhiteElo "2488"]
[BlackElo "2538"]
[PlyCount "141"]
[EventDate "1999.??.??"]

1. e4 e5 2. Nc3 Nf6 3. Bc4 Nc6 4. d3 Bb4 5. Nge2 d5 6. exd5 Nxd5 7. Bxd5 Qxd5
8. O-O Qd8 9. f4 exf4 10. Bxf4 O-O 11. Qd2 Re8 12. Rae1 Bg4 13. Be3 b6 14. Bg5
Qd7 15. Ng3 a5 16. Nge4 Nd4 17. a3 Ne2+ 18. Kh1 Nxc3 19. Nxc3 Bd6 20. Ne4 Be5
21. c3 Bf5 22. Kg1 c5 23. Re3 f6 24. Bf4 c4 25. d4 Bxd4 26. Qxd4 Qxd4 27. cxd4
Rxe4 28. Rxe4 Bxe4 29. Re1 f5 30. g4 g6 31. Bc7 b5 32. Kf2 Kf7 33. h3 Ke6 34.
Kg3 Kd5 35. Be5 Rc8 36. Re3 Rf8 37. h4 fxg4 38. Kxg4 a4 39. Kg3 Rf1 40. Re2
Rf3+ 41. Kg4 h5+ 42. Kg5 Bd3 43. Rg2 Rf5+ 44. Kh6 Rf7 45. Rg5 Kc6 46. Bh2 Bf5
47. Be5 Bd3 48. Bh2 Bf5 49. Be5 Kd5 50. Bh8 Rf8 51. Be5 Rf7 52. Bh8 Rc7 53. Rg3
Rc8 54. Be5 Bd3 55. Kg7 c3 56. bxc3 Rxc3 57. Rg1 Rxa3 58. Rc1 Ra2 59. Rc5+ Ke6
60. Rc6+ Kd7 61. Rc7+ Kd8 62. Ra7 Be4 63. Kf6 Rf2+ 64. Ke6 Ke8 65. d5 Bf5+ 66.
Kd6 Rc2 67. Re7+ Kd8 68. Rb7 Ke8 69. Re7+ Kd8 70. Rb7 Ke8 71. Re7+ {
Game drawn by repetition} 1/2-1/2

[Event "ICS rated blitz match"]
[Site "204.178.125.65"]
[Date "1999.09.29"]
[Round "?"]
[White "Hossa"]
[Black "PostModernist"]
[Result "0-1"]
[WhiteElo "2498"]
[BlackElo "2620"]
[PlyCount "75"]
[EventDate "1999.??.??"]

1. d4 Nf6 2. c4 e6 3. Nf3 b6 4. g3 Ba6 5. b3 Bb4+ 6. Bd2 Be7 7. Bg2 d5 8. cxd5
exd5 9. O-O O-O 10. Nc3 Bb7 11. Ne5 Na6 12. Bg5 c5 13. e3 Nc7 14. Qf3 Re8 15.
Rac1 Rb8 16. Rfd1 cxd4 17. exd4 Ne6 18. Be3 Ba3 19. Rc2 Rc8 20. Bh1 Re7 21. Qe2
Rec7 22. Qd3 Ne4 23. Bxe4 dxe4 24. Qd2 Bd5 25. Qe1 b5 26. Bc1 Be7 27. Bf4 Nxf4
28. gxf4 Bb4 29. Rdc1 Bb7 30. Qe3 f6 31. Ng4 h5 32. Ne5 fxe5 33. fxe5 Ba3 34.
Qd2 b4 35. Ne2 e3 36. Qxe3 Rxc2 37. Rxc2 Rxc2 38. h3 {Hossa resigns} 0-1

[Event "ICS rated blitz match"]
[Site "204.178.125.65"]
[Date "1999.09.30"]
[Round "?"]
[White "Hossa"]
[Black "PostModernist"]
[Result "0-1"]
[WhiteElo "2460"]
[BlackElo "2599"]
[Annotator "Fritz 5.32 (20s)"]
[PlyCount "198"]
[EventDate "1999.??.??"]

1. d4 Nf6 2. c4 e6 3. Nf3 b6 4. g3 Bb4+ 5. Bd2 Bxd2+ 6. Nbxd2 Bb7 7. Bg2 O-O 8.
O-O c5 9. e3 (9. Rc1 d6 10. Nb1 Qe7 11. Nc3 Nc6 12. e3 Rfd8 13. Re1 Rac8 14. b3
Nb4 15. a3 Nc6 16. d5 exd5 17. cxd5 Ne5 18. Nxe5 dxe5 19. e4 Ne8 20. Bf1 Nd6
21. a4 a6 22. Bd3 g6 23. Qe2 Ra8 24. Qe3 Rdc8 25. Nb1 a5 26. Nd2 Re8 27. f4
Rad8 28. Nc4 exf4 29. Qxf4 Nxc4 30. bxc4 f6 31. Rf1 Rd6 32. Rf2 Bc8 33. h4 Qd7
34. Rcf1 Kg7 35. h5 gxh5 36. Qh4 Qf7 37. Qf4 Qe7 38. Be2 Bh3 39. Re1 Qd7 40.
Bxh5 Re5 41. g4 Qxa4 42. Kh2 h6 43. Qc1 b5 44. Kxh3 Qxc4 45. Qxc4 bxc4 46. Ra2
Rdxd5 47. Rxa5 Rd7 48. Kg3 c3 49. Kf4 c2 50. Rc1 Rd4 51. Ra7+ Kg8 52. Bf7+ Kh8
53. Bg6 {1-0 Hort,V-Larsen,B/Montreal 1979/MCL/[ChessBase] (53)}) (9. Re1 cxd4
10. Nb3 Qc7 11. Qxd4 Nc6 12. Qh4 Ne7 13. Rac1 d6 14. Nfd4 Bxg2 15. Kxg2 a6 16.
Kg1 Rac8 17. Qh3 Qd7 18. Nd2 Rc7 19. b3 Rfc8 20. Red1 h6 21. Qg2 d5 22. Ra1 e5
23. Nc2 23... Qe6 {Antunes,A-Cvitan,O/Pula 1997/CBM 57 ext/[Tisdall]/0-1 (58)})
9... Qe7 $146 (9... Nc6 10. Qc2 Qe7 11. a3 cxd4 12. Nxd4 Rfc8 13. Nxc6 Bxc6 14.
Rac1 Bxg2 15. Kxg2 d5 16. Qb3 Qb7 17. Kg1 h5 18. cxd5 Nxd5 19. Rxc8+ Rxc8 20.
Nc4 Rc5 21. e4 Nf6 22. f3 Qc7 23. Ne3 h4 24. g4 Qe5 25. a4 b5 26. Rf2 Rc1+ 27.
Kg2 bxa4 28. Qxa4 Qc5 29. Qb3 Re1 30. Nd1 Qd4 31. Nc3 h3+ 32. Kg3 32... Rg1+ {
0-1 Goethals,F-Spassov,L/Harrachov 1967/MCD (32)}) (9... d6 10. Qc2 Nc6 (10...
Nbd7) 11. Rfd1 Qe7 12. a3 Rac8 13. Qc3 d5 14. dxc5 Qxc5 15. b4 15... Qe7 {
- Tartakower,S-Colle,E/Budapest 1926/EXT 99 (15)}) 10. Rc1 10... d6 {Staerkt e5
} 11. Re1 Nc6 12. Qc2 Nb4 13. Qb1 Rac8 14. Rc3 Rc7 15. a3 Nc6 16. Qd3 e5 17. d5
{Weiss gewinnt Raum} 17... e4 18. Nxe4 Nxe4 19. dxc6 {Der Freibauer marschiert}
19... Bxc6 ({Nachteilig ist} 19... Nxc3 20. cxb7 Ne4 21. Nh4 $16) (19... Rxc6
$6 20. Rcc1 $11) 20. Rc2 Re8 (20... Rd7 21. Nh4 $11) 21. Nh4 (21. Nd2 21... Nf6
$11) 21... Rd7 22. f3 Ng5 23. Nf5 Qf6 24. e4 d5 25. cxd5 {Raumvorteil} 25...
Bxd5 26. Rd2 $15 (26. Qc3 Qxc3 27. Rxc3 27... Bc6 $15) 26... Bc6 27. Qc2 g6 28.
Rxd7 Bxd7 29. Nh4 Ne6 30. Qc1 30... Nd4 {Da gehoert der Springer hin} 31. Qh6
$17 (31. f4 $5 $11) 31... a5 $15 (31... Qd8 32. f4 $17) 32. f4 Qe6 33. f5 {
Raumgewinn} 33... gxf5 34. Qf4 Bc6 35. Bh3 Qe5 ({Weniger gut ist} 35... Bxe4
36. Bxf5 Bxf5 37. Rxe6 Rxe6 38. Qb8+ Kg7 39. Nxf5+ Nxf5 40. a4 $11) 36. Qxe5 (
36. Qg5+ Kh8 37. Bxf5 37... Bd7 $11) 36... Rxe5 37. Bxf5 Nxf5 38. Nxf5 f6 39.
Nh6+ Kg7 40. Nf5+ Kg6 41. Nh4+ Kf7 42. Nf5 Ke6 43. Ng7+ Ke7 44. Nf5+ Kd7 45.
Ne3 Rxe4 ({Schlechter ist} 45... Bxe4 46. Ng4 Ke6 47. Nxe5 Kxe5 48. a4 $16) 46.
Kf2 Rd4 47. Re2 Bb5 48. Rc2 Ke6 49. h3 h5 50. Ng2 Kd6 51. Ke3 $19 (51. Nf4
51... h4 $17) 51... Bc6 52. Nh4 Ke6 53. Ng6 Kf7 54. Nh4 Bd7 55. Nf3 (55. Rh2
55... a4 $19) 55... Bf5 56. Rf2 Re4+ 57. Kd2 Ke6 (57... Bxh3 $4 {
der Bauer ist nicht zu nehmen} 58. Ng5+ Ke7 59. Nxe4 $18 (59. Nxh3 $6 59... h4
$16)) 58. Ng1 Ke5 (58... a4 $5 59. Ne2 Ke5 60. Rf4 $17) 59. Nf3+ Kd6 60. Ng1 (
60. Nh4 Bxh3 61. Rxf6+ 61... Kc7 $17) 60... Rd4+ 61. Ke1 Rd5 62. a4 Re5+ 63.
Kd2 Ke7 64. Rf3 (64. Ne2 Rd5+ 65. Kc1 65... Bd7 $17 (65... Bxh3 $143 66. Nf4
Be6 67. Nxd5+ Bxd5 68. Kd2 $11)) 64... Be6 (64... Bd7 65. b3 $19) 65. Rf4 $19 (
65. Ne2 Rd5+ 66. Kc3 66... Bf7 $17) 65... Rg5 {Schwarz erlangt Initiative} 66.
Rf3 Rd5+ 67. Kc1 Rd4 68. Ra3 Kf7 69. Kc2 Bf5+ 70. Kc1 Rc4+ 71. Kd1 Bc2+ 72. Kd2
Bxa4 73. Ne2 Bd7 74. Rb3 Bxh3 75. Rxb6 Rb4 76. Rxb4 cxb4 77. Nf4 Bg4 78. b3 (
78. Kc2 78... Kg7 $19) 78... Bf3 (78... Kg7 79. Ke1 $19) 79. Kd3 Kg7 80. Kc4
Kh6 81. Kb5 Kg5 82. Ne6+ (82. Kxa5 Kg4 83. Kxb4 Kxg3 84. Nxh5+ 84... Bxh5 $19)
82... Kg4 83. Kxa5 Kxg3 84. Nd4 h4 (84... Kf4 $142 {sichert den Gewinn} 85.
Ne6+ Ke4 86. Nc5+ Ke3 87. Nd7 $19) 85. Nf5+ Kg4 86. Ne3+ (86. Nxh4 Kxh4 87.
Kxb4 $19) 86... Kf4 87. Nf1 Bg2 88. Nh2 Kg3 89. Kxb4 Kxh2 90. Kc5 Kg3 91. b4 h3
92. Kd4 h2 93. Kc3 93... h1=Q {
Droht Matt. Schwarz zwingt den Gegner mit starken Drohungen nieder} 94. Kb2 (
94. Kb3 {hilft auch nicht mehr} 94... Bd5+ 95. Kb2 Kf2 96. Kc2 Ke2 97. b5 Qd1+
98. Kb2 Kd2 99. b6 Qc1#) 94... Qe1 95. b5 (95. Kb3 {holt die Kuh nicht vom Eis}
95... Bd5+ 96. Ka4 Qc1 97. Ka5 Qc7+ 98. Ka4 Qc6+ 99. b5 Qc3 100. b6 Bc6#) 95...
Qd2+ 96. Kb3 (96. Ka3 {aendert nichts am Ausgang der Partie} 96... Bd5 97. Ka4
Qc3 98. b6 Bc6#) 96... Bd5+ 97. Ka3 Qc3+ 98. Ka4 f5 99. b6 Bc6# 0-1

[Event "ICS rated blitz match"]
[Site "204.178.125.65"]
[Date "1999.09.10"]
[Round "?"]
[White "Hossa"]
[Black "PostModernist"]
[Result "0-1"]
[WhiteElo "2460"]
[BlackElo "2555"]
[PlyCount "78"]
[EventDate "1999.??.??"]

1. e4 c6 2. d4 d5 3. exd5 cxd5 4. c4 Nf6 5. Nc3 Nc6 6. cxd5 Nxd5 7. Bb5 Nxc3 8.
Bxc6+ bxc6 9. bxc3 Qd5 10. f3 e6 11. Ne2 Be7 12. O-O O-O 13. Re1 Bh4 14. Ba3
Rd8 15. g3 Bg5 16. Qd3 e5 17. Red1 Bh3 18. Qe4 Qxe4 19. fxe4 Be3+ 20. Kh1 Bg4
21. Kg2 Bxe2 22. Re1 Bd2 23. Rxe2 Bxc3 24. Rb1 exd4 25. Bc5 Rab8 26. Rd1 Rb5
27. Bxa7 Rd7 28. a4 Ra5 29. Rb1 h6 30. Rb8+ Kh7 31. Bb6 Rxa4 32. Rc2 d3 33. Rc1
d2 34. Rb1 Rxe4 35. Bc5 Re2+ 36. Kh3 Re1 37. Kg2 Rc1 38. Be3 d1=Q 39. Rxc1
39... Qd5+ {Hossa resigns} 0-1

[Event "ICS rated blitz match"]
[Site "204.178.125.65"]
[Date "1999.09.08"]
[Round "?"]
[White "Hossa"]
[Black "PostModernist"]
[Result "0-1"]
[WhiteElo "2529"]
[BlackElo "2605"]
[PlyCount "172"]
[EventDate "1999.??.??"]

1. e4 c6 2. d4 d5 3. exd5 cxd5 4. Bd3 Nc6 5. c3 Nf6 6. Bf4 Bg4 7. Ne2 Bh5 8.
Qb3 Qd7 9. O-O e6 10. Ng3 Bg6 11. Bxg6 hxg6 12. Nd2 Bd6 13. Bxd6 Qxd6 14. Nf3
O-O-O 15. Rfe1 Nh5 16. Qb5 Nxg3 17. fxg3 Kb8 18. Rac1 Rc8 19. b3 Rh5 20. Qe2
Rc7 21. a4 Rc8 22. c4 Na5 23. Qa2 dxc4 24. bxc4 Qd7 25. Re4 Rhh8 26. Ne5 Qe8
27. Qb1 f6 28. Qb4 fxe5 29. Qxa5 exd4 30. Rxd4 Rh5 31. Qb4 Rhc5 32. Rb1 Qf7 33.
Rbd1 Qc7 34. Re1 e5 35. Rg4 Qc6 36. Qc3 Qxa4 37. Rxg6 Qd7 38. Qa1 Re8 39. Rg5
Qc7 40. Qd1 Qb6 41. Kh1 Qf6 42. Qh5 Rf8 43. h4 Rxc4 44. Rgxe5 g6 45. Qe2 Rfc8
46. Re8 Rxe8 47. Qxe8+ Rc8 48. Qb5 a6 49. Qd5 Rd8 50. Qa5 b5 51. Re3 Rc8 52.
Rf3 Qd6 53. Kh2 Rc4 54. Kh3 Qe6+ 55. Kh2 Kb7 56. Qd8 Rc6 57. Rf4 Rd6 58. Qh8
Qd7 59. h5 gxh5 60. Qxh5 Qc6 61. Qf7+ Rd7 62. Qh5 a5 63. Rf5 Kb6 64. Qg5 a4 65.
Rf6 Rd6 66. Rf5 Ka6 67. Rc5 Rh6+ 68. Kg1 Qd6 69. Rd5 Qb6+ 70. Kf1 a3 71. Rd3 b4
72. Qd2 b3 73. Rd4 Rf6+ 74. Kg1 a2 75. Qd3+ Ka7 76. Qh7+ Qb7 77. Ra4+ Ra6 78.
Rxa6+ Kxa6 79. Qd3+ Ka7 80. Qc3 Ka8 81. Qh8+ Qb8 82. Qa1 b2 83. Kf2 bxa1=Q 84.
g4 Qd4+ 85. Ke2 Qbe5+ 86. Kf3 86... Qde3# {Hossa checkmated} 0-1